[Event "BLR-chT U18"]
[Site "Gomel"]
[Date "2024.03.04"]
[Round "5.1"]
[White "Yemelyanau, Zakhar"]
[Black "Kaniusheuski, Raman"]
[Result "0-1"]
[WhiteElo "2000"]
[BlackElo "2000"]
[PlyCount "86"]
[EventDate "2024.03.01"]
[EventType "tourn"]
[EventRounds "7"]
[EventCountry "BLR"]
[SourceTitle "CBM 219 Extra"]
[Source "ChessBase"]
[SourceDate "2024.05.31"]
[SourceVersion "1"]
[SourceVersionDate "2024.05.31"]
[SourceQuality "1"]

1. e4 c5 2. Nf3 Nc6 3. Nc3 e5 4. Bc4 Be7 5. d3 Nf6 6. a4 d6 7. h3 0-0 8. Bg5 Nd4 9. Bxf6 Bxf6 10. 0-0 Nxf3+ 11. Qxf3 g6 12. Nd5 Bg7 13. c3 Kh8 14. Qe2 Be6 15. Kh1 Rb8 16. Rad1 Qh4 17. Ne3 Bd7 18. Bb5 Be6 19. Bc4 a6 20. b4 Bd7 21. b5 f5 22. exf5 gxf5 23. f4 Rbe8 24. Nd5 axb5 25. axb5 Qh6 26. Qf2 e4 27. Rfe1 Bc8 28. Re3 b6 29. d4 Bb7 30. Nxb6 cxd4 31. cxd4 d5 32. Nxd5 Bxd5 33. Bxd5 Rd8 34. Qa2 Qxf4 35. Ra3 e3 36. Bf3 Bxd4 37. Ra4 Qe5 38. Qe2 Bb6 39. Qe1 Bc7 40. Kg1 Rxd1 41. Qxd1 Qh2+ 42. Kf1 Rd8 43. Ra8 Qh1+ 0-1

[Event "BLR-ch sf"]
[Site "Minsk"]
[Date "2023.12.14"]
[Round "8"]
[White "Naumovich, Yaroslav"]
[Black "Kaniusheuski, Raman"]
[Result "1-0"]
[WhiteElo "2151"]
[BlackElo "1736"]
[PlyCount "87"]
[EventDate "2023.12.07"]
[EventType "swiss"]
[EventRounds "9"]
[EventCountry "BLR"]
[SourceTitle "CBM 217 Extra"]
[Source "ChessBase"]
[SourceDate "2024.01.31"]
[SourceVersion "1"]
[SourceVersionDate "2024.01.31"]
[SourceQuality "1"]

1. d4 Nf6 2. c4 e6 3. Nc3 d5 4. Nf3 Be7 5. Bg5 0-0 6. e3 b6 7. cxd5 Nxd5 8. Bxe7 Qxe7 9. Nxd5 exd5 10. Qb3 Bb7 11. Rc1 Qd6 12. Bd3 Nd7 13. Qc2 Qb4+ 14. Qd2 Qd6 15. 0-0 Nf6 16. Qc3 c6 17. Ne5 Rac8 18. b4 Rc7 19. Rc2 Nd7 20. Nxd7 Qxd7 21. Rfc1 Rfc8 22. Qa3 Qd6 23. Rc3 a6 24. g3 Ra8 25. Qb2 g6 26. a4 Re7 27. Be2 h5 28. h4 Rae8 29. Bf3 Kg7 30. Qb3 Rd8 31. Bg2 Kg8 32. b5 cxb5 33. axb5 a5 34. Rc6 Bxc6 35. Rxc6 Qb8 36. Bxd5 Rd6 37. e4 Rxc6 38. bxc6 b5 39. Qf3 Qa7 40. Qf6 Kh7 41. Ba2 Qc7 42. d5 Rxe4 43. d6 Qc8 44. d7 1-0

[Event "BLR-ch sf"]
[Site "Minsk"]
[Date "2023.12.09"]
[Round "3"]
[White "Klachkou, Platon"]
[Black "Kaniusheuski, Raman"]
[Result "1-0"]
[WhiteElo "2007"]
[BlackElo "1736"]
[PlyCount "61"]
[EventDate "2023.12.07"]
[EventType "swiss"]
[EventRounds "9"]
[EventCountry "BLR"]
[SourceTitle "CBM 217 Extra"]
[Source "ChessBase"]
[SourceDate "2024.01.31"]
[SourceVersion "1"]
[SourceVersionDate "2024.01.31"]
[SourceQuality "1"]

1. Nf3 d5 2. g3 g6 3. Bg2 Bg7 4. 0-0 e5 5. d3 Ne7 6. c3 0-0 7. Qc2 c5 8. e4 Nbc6 9. Nbd2 d4 10. a4 Kh8 11. Nc4 Rb8 12. Bd2 Be6 13. cxd4 cxd4 14. b4 b5 15. axb5 Rxb5 16. Ng5 Qd7 17. Nxe6 Qxe6 18. Ra6 Qd7 19. Qa4 Rfb8 20. Rc1 h5 21. Na3 R5b6 22. b5 Rxa6 23. Qxa6 Nd8 24. Ba5 Rc8 25. Rxc8 Nxc8 26. Bxd8 Qxd8 27. Bh3 Nb6 28. Qxa7 Bf8 29. Qxf7 Bxa3 30. Qxg6 Qf8 31. Bf5 1-0

[Event "BLR-ch U18"]
[Site "Orsha"]
[Date "2022.02.14"]
[Round "5"]
[White "Kaniusheuski, Raman"]
[Black "Klachkou, Platon"]
[Result "0-1"]
[WhiteElo "1694"]
[BlackElo "2007"]
[PlyCount "62"]
[EventDate "2022.02.10"]
[EventType "swiss"]
[EventRounds "9"]
[EventCountry "BLR"]
[SourceTitle "CBM 207 Extra"]
[Source "ChessBase"]
[SourceDate "2022.05.31"]
[SourceVersion "1"]
[SourceVersionDate "2022.05.31"]
[SourceQuality "1"]

1. e4 d6 2. d4 Nf6 3. Nc3 g6 4. f3 Bg7 5. Be3 c6 6. Qd2 b5 7. g4 Nbd7 8. d5 b4 9. dxc6 bxc3 10. cxd7+ Nxd7 11. bxc3 h5 12. Bd4 e5 13. Be3 hxg4 14. Qxd6 Qa5 15. Qb4 Qc7 16. Bg5 Bf8 17. Qc4 Bc5 18. Rd1 g3 19. Rd2 Rb8 20. Rg2 Rb1+ 21. Kd2 Nb6 22. Qd3 Be6 23. Qa6 Qd6+ 24. Qd3 Rxf1 25. Rxg3 Nc4+ 26. Ke2 Rf2+ 27. Ke1 Qb6 28. Qd1 Nb2 29. Qc1 Rhxh2 30. Rxh2 Rxh2 31. Ne2 Rh1+ 0-1

[Event "BLR-ch U18"]
[Site "Minsk"]
[Date "2021.02.04"]
[Round "1"]
[White "Kaniusheuski, Raman"]
[Black "Spizharny, Mikhail"]
[Result "1/2-1/2"]
[WhiteElo "1597"]
[BlackElo "2122"]
[PlyCount "182"]
[EventDate "2021.02.04"]
[EventType "swiss"]
[EventRounds "9"]
[EventCountry "BLR"]
[SourceTitle "EXT 2022"]
[Source "ChessBase"]
[SourceDate "2021.10.06"]
[SourceVersion "1"]
[SourceVersionDate "2021.10.06"]
[SourceQuality "1"]

1. e4 c5 2. Nf3 e6 3. d4 cxd4 4. Nxd4 a6 5. c4 Nf6 6. Nc3 Bb4 7. Bd3 Nc6 8. Nxc6 dxc6 9. Qc2 e5 10. a3 Bc5 11. 0-0 a5 12. Na4 Bd4 13. c5 Be6 14. Bd2 Nd7 15. Rac1 h5 16. Bc4 Qf6 17. Bxe6 Qxe6 18. Bc3 Bxc5 19. Nxc5 Nxc5 20. Bxe5 Nb3 21. Rcd1 f6 22. Bf4 a4 23. Rd6 Qg4 24. Be3 Rd8 25. f3 Qc8 26. Rxd8+ Kxd8 27. Rd1+ Ke7 28. Bc5+ Kf7 29. Qc4+ Kg6 30. Bb6 c5 31. Qxa4 Qe6 32. Qb5 Rc8 33. Rd5 Nd4 34. Qd7 Rc6 35. Ba5 b6 36. Bd2 h4 37. Qxe6 Rxe6 38. Be3 Nc6 39. h3 Ne7 40. Rd2 f5 41. exf5+ Nxf5 42. Bf2 Kg5 43. b4 c4 44. b5 Ng3 45. Rc2 c3 46. a4 Kf4 47. Bxg3+ Kxg3 48. Kf1 Re3 49. Ra2 g5 50. Rc2 Rd3 51. Ke2 Rd4 52. Rxc3 Kxg2 53. Rc6 Rxa4 54. Rxb6 Ra2+ 55. Ke3 Ra3+ 56. Ke2 Rxf3 57. Rg6 Rf2+ 58. Ke3 Rf3+ 59. Ke2 Rf5 60. b6 Re5+ 61. Kd3 Kxh3 62. b7 Rb5 63. Rxg5 Rxb7 64. Ke2 Rf7 65. Rg8 Rf5 66. Rg7 Kh2 67. Rg8 Rf7 68. Rg6 Rf5 69. Rg7 Rf8 70. Rg6 Rf4 71. Rg8 Kh3 72. Rg1 Ra4 73. Kf2 Ra2+ 74. Kf1 Ra3 75. Kf2 Rg3 76. Rh1+ Kg4 77. Rg1 Kh3 78. Rh1+ Kg4 79. Rg1 Kf4 80. Rxg3 hxg3+ 81. Kg2 Kg4 82. Kg1 Kh3 83. Kh1 Kh4 84. Kg2 Kg4 85. Kg1 Kg5 86. Kg2 Kg4 87. Kg1 Kf4 88. Kg2 Kg4 89. Kg1 Kf3 90. Kf1 g2+ 91. Kg1 Kg3 1/2-1/2